| 000 | 00530nam a22001697a 4500 | ||
|---|---|---|---|
| 005 | 20251108165408.0 | ||
| 008 | 250721s1986 xx 000 0 ara d | ||
| 082 | 1 | 4 | _aم/358.103/مجم |
| 245 | 1 | 0 |
_aالمصطلحات العسكرية : _bمصطلحات سلاح المدفعية / |
| 264 | 1 |
_aعمان : _bالمجمع، _c1986. |
|
| 300 | _a66ص | ||
| 650 | 1 | 7 | _aقوات المدفعية |
| 650 | 1 | 7 | _aالقواميس |
| 710 | 2 | _aمجمع اللغة العربية الأردني | |
| 942 |
_2ddc _cREF |
||
| 999 |
_c26884 _d26884 |
||